[Event "ICS rated blitz match"]
[Site "204.178.125.65"]
[Date "1999.09.18"]
[Round "?"]
[White "blik"]
[Black "Hossa"]
[Result "0-1"]
[WhiteElo "2549"]
[BlackElo "2505"]
[PlyCount "190"]
[EventDate "1999.??.??"]

1. d4 d5 2. c4 c6 3. Nc3 Nf6 4. Nf3 e6 5. cxd5 cxd5 6. Bg5 Bb4 7. Qa4+ Nc6 8.
Ne5 Qa5 9. Qxa5 Nxa5 10. Bxf6 gxf6 11. Nd3 Bxc3+ 12. bxc3 Bd7 13. e3 Rc8 14.
Nc5 b6 15. Nxd7 Kxd7 16. Bb5+ Kd6 17. Rc1 Rhg8 18. g3 Rc7 19. h4 Rgc8 20. Kd2
Nc4+ 21. Ke2 Rg8 22. a4 Rgc8 23. g4 Na3 24. Ba6 Rg8 25. g5 fxg5 26. hxg5 Rxg5
27. Rxh7 Rg2 28. Rh8 Rg7 29. Ra8 f5 30. Re8 Nc4 31. Rb1 Rh7 32. Rg1 Rh6 33. Ra8
Na5 34. Bb5 Rhh7 35. Rd8+ Ke7 36. Ra8 Kf6 37. Rf8+ Rcf7 38. Rfg8 Rfg7 39. Rf8+
Ke7 40. Rxg7+ Rxg7 41. Rc8 Kf6 42. Rf8+ Rf7 43. Rh8 Rc7 44. Rh6+ Ke7 45. Kd3
Kd6 46. Kc2 Nc6 47. Kd2 Nd8 48. Rh8 Nf7 49. Rg8 Nh6 50. Rd8+ Ke7 51. Rb8 Ng4
52. f3 Nh6 53. Rh8 Nf7 54. Rh7 Kf6 55. Be8 Re7 56. Bxf7 Rxf7 57. Rh6+ Ke7 58.
Kd3 Kd6 59. Kd2 Rc7 60. Rh8 Rc4 61. a5 bxa5 62. Rd8+ Kc7 63. Rg8 a4 64. Rg7+
Kb6 65. Rg6 Rc6 66. Rg1 a5 67. Ra1 Kb5 68. Kd3 Rc7 69. Kd2 Rc4 70. f4 Kb6 71.
Rb1+ Ka6 72. Ra1 Ka7 73. Kc2 Kb6 74. Rb1+ Ka6 75. Kd2 Rc6 76. Ra1 Kb5 77. Ra2
Rc8 78. Rb2+ Kc4 79. Rb6 a3 80. Kc2 Rg8 81. Rc6+ Kb5 82. Rxe6 Rg2+ 83. Kb1 a2+
84. Ka1 Ka4 85. Rh6 Kb3 86. Rh1 Re2 87. Rd1 Rxe3 88. Rf1 Re4 89. c4 dxc4 90.
Rd1 Re3 91. Rc1 Rd3 92. Rf1 c3 93. Re1 c2 94. Rc1 Rd1 95. Rxd1 95... cxd1=Q# {
blik checkmated} 0-1

[Event "ICS rated blitz match"]
[Site "204.178.125.65"]
[Date "1999.09.18"]
[Round "?"]
[White "blik"]
[Black "Hossa"]
[Result "1/2-1/2"]
[WhiteElo "2538"]
[BlackElo "2516"]
[PlyCount "188"]
[EventDate "1999.??.??"]

1. d4 Nf6 2. c4 e6 3. Nf3 d5 4. Nc3 Be7 5. Bf4 O-O 6. e3 Nh5 7. Be5 f6 8. Bg3
Nxg3 9. hxg3 c6 10. Bd3 f5 11. Ne5 Nd7 12. Nxd7 Bxd7 13. Rc1 Rf6 14. g4 Qb6 15.
gxf5 exf5 16. cxd5 Qxb2 17. dxc6 Rxc6 18. Qb3+ Qxb3 19. axb3 Be6 20. Ne2 Rac8
21. Rxc6 Rxc6 22. O-O Bb4 23. Nf4 Bf7 24. Bxf5 Rc3 25. Be4 b5 26. Ra1 a5 27.
Nd5 Bxd5 28. Bxd5+ Kf8 29. Rd1 h5 30. e4 Ke7 31. f4 Rc2 32. e5 Bd2 33. f5 Be3+
34. Kh2 Rc3 35. Kh1 a4 36. bxa4 bxa4 37. Bf3 Rc4 38. Bxh5 Rxd4 39. g3 a3 40.
Ra1 Rd3 41. Be2 Bd4 42. Bxd3 Bxa1 43. e6 Be5 44. Bb1 Bxg3 45. Kg2 Be5 46. Kg1
Bd4+ 47. Kh2 Bc3 48. Kg3 Kf6 49. Kg4 g6 50. fxg6 Kxe6 51. Ba2+ Kd6 52. Kf5 Bg7
53. Kf4 Kc5 54. Ke3 Kb5 55. Ke4 Ka5 56. Bg8 Kb4 57. Be6 Kc3 58. Bf7 Kc2 59. Bd5
Kd2 60. Bf7 Kc1 61. Bc4 Kb2 62. Kf3 Kc3 63. Bd5 Kd4 64. Bf7 Kd3 65. Kg3 Ke3 66.
Kg2 Kf4 67. Bd5 Ke5 68. Bf7 Ke4 69. Be6 Kd4 70. Kf2 Kd3 71. Bd5 Kd2 72. Kf3 Kd1
73. Bb3+ Kc1 74. Kf4 Kb2 75. Bf7 Kc2 76. Bd5 Kd3 77. Kg4 Kd4 78. Be6 Ke5 79.
Bb3 Kf6 80. Bf7 Ke7 81. Kf4 Bc3 82. Ke4 Kd6 83. Bd5 Bg7 84. Bf7 Bc3 85. Kd3 Bg7
86. Kc2 Kc5 87. Kb3 Bb2 88. Ka4 Kd6 89. Ba2 Kc5 90. Be6 Kd6 91. Bf7 Ke7 92. Kb3
Kf6 93. Kb4 a2 94. Bxa2 94... Kxg6 {
Game drawn because neither player has mating material} 1/2-1/2

[Event "ICS rated blitz match"]
[Site "204.178.125.65"]
[Date "1999.09.11"]
[Round "?"]
[White "blitzy"]
[Black "Hossa"]
[Result "1-0"]
[WhiteElo "2400"]
[BlackElo "2465"]
[PlyCount "171"]
[EventDate "1999.??.??"]

1. d4 Nf6 2. c4 e6 3. Nf3 d5 4. Bg5 Be7 5. Nc3 Nc6 6. e3 O-O 7. Bd3 Nb4 8. O-O
c5 9. dxc5 Bxc5 10. a3 Nxd3 11. Qxd3 dxc4 12. Qxc4 Be7 13. Rfd1 Nd7 14. Bxe7
Qxe7 15. Qc7 Qd8 16. Qg3 a5 17. Rd6 Qe7 18. Rad1 e5 19. Qg4 Rd8 20. R6d5 f6 21.
Qc4 Kh8 22. Rd6 Qf8 23. Ne4 Qe8 24. Nc5 Ra7 25. Qe6 e4 26. Ne1 Qxe6 27. Nxe6
Rg8 28. Rxd7 Bxd7 29. Rxd7 g6 30. Nc5 f5 31. Rxb7 Rxb7 32. Nxb7 a4 33. Nc5 Ra8
34. Nd7 Kg7 35. Nb6 Ra6 36. Nd5 h5 37. Nc3 g5 38. Nc2 g4 39. Nb4 Ra8 40. Kf1
Ra7 41. Nbd5 Ra6 42. Ke2 Kf7 43. h3 Kg6 44. h4 Kg7 45. Kf1 Kh6 46. Nf4 Ra8 47.
f3 exf3 48. gxf3 Ra7 49. Kf2 Ra5 50. Nfd5 Ra6 51. Kg3 gxf3 52. Kxf3 Re6 53. Nb4
Kg7 54. Nd3 Ra6 55. Kf4 Ra5 56. Kg5 Kf7 57. Nf4 Re5 58. Nxa4 Rxe3 59. Kxf5 Rf3
60. Nc5 Ke7 61. Kg5 Rf1 62. b4 Kd6 63. a4 Rd1 64. Kxh5 Rg1 65. a5 Kc6 66. Ncd3
Kb5 67. Kh6 Rg4 68. h5 Rg8 69. Kh7 Rg5 70. h6 Rg3 71. Kh8 Kc4 72. a6 Re3 73. h7
Re8+ 74. Kg7 Re7+ 75. Kh6 Re8 76. Ne5+ Kxb4 77. Nd5+ Kc5 78. Nc7 Rxe5 79. a7
Re4 80. a8=Q Rh4+ 81. Kg7 Rg4+ 82. Kf7 Rg3 83. Qd5+ Kb4 84. h8=Q Ka4 85. Qc4+
Ka3 86. Nb5# {Hossa checkmated} 1-0

[Event "ICS rated blitz match"]
[Site "204.178.125.65"]
[Date "1999.09.11"]
[Round "?"]
[White "blitzy"]
[Black "Hossa"]
[Result "1-0"]
[WhiteElo "2264"]
[BlackElo "2487"]
[PlyCount "52"]
[EventDate "1999.??.??"]

1. e4 d5 2. exd5 Qxd5 3. d4 Nc6 4. Nf3 Bg4 5. Nc3 Qe6+ 6. Be3 Bxf3 7. Qxf3 Qf6
8. Qe4 Qd6 9. d5 Qb4 10. dxc6 Qxe4 11. Nxe4 bxc6 12. Ba6 Rb8 13. O-O-O Nf6 14.
Bxa7 Rb4 15. Nxf6+ gxf6 16. Bc5 Rb8 17. Bd3 e5 18. Bxf8 Kxf8 19. Be4 Rb6 20.
Rd7 Kg7 21. Rxc7 Rhb8 22. b3 Ra8 23. a4 Raa6 24. Rd1 h5 25. Rdd7 Kh6 26. Rxf7
26... Kg5 {Hossa resigns} 1-0

[Event "ICS rated blitz match"]
[Site "204.178.125.65"]
[Date "1999.08.29"]
[Round "?"]
[White "blunite"]
[Black "Hossa"]
[Result "0-1"]
[WhiteElo "2225"]
[BlackElo "2493"]
[PlyCount "96"]
[EventDate "1999.??.??"]

1. e4 e5 2. Nf3 Nc6 3. Bb5 a6 4. Ba4 b5 5. Bb3 Bc5 6. O-O d6 7. h3 Nf6 8. c3
Bb6 9. d4 O-O 10. Be3 exd4 11. cxd4 Qe8 12. Nbd2 Nxe4 13. Bd5 Nf6 14. Bb3 Qd7
15. Rc1 Re8 16. Re1 Nb4 17. Ng5 Re7 18. Nf1 c6 19. Ng3 Bb7 20. Qd2 Nbd5 21. Qc2
g6 22. a3 Rae8 23. Qd2 c5 24. dxc5 dxc5 25. Rcd1 Nxe3 26. Qxd7 Nxd7 27. Rxe3 c4
28. Rxe7 Rxe7 29. Bc2 Nc5 30. h4 Bc7 31. h5 Bxg3 32. fxg3 Re2 33. h6 Rxg2+ 34.
Kf1 Ne6 35. Nxe6 fxe6 36. Rd8+ Kf7 37. Rd7+ Kf6 38. Rxb7 Rxc2 39. Rxh7 Rxb2 40.
Ra7 Rh2 41. h7 g5 42. Kg1 Rh6 43. Rxa6 Rxh7 44. Rb6 Ra7 45. Rxb5 Rxa3 46. Kg2
Rd3 47. Rc5 c3 48. Kf2 48... g4 {blunite resigns} 0-1

[Event "ICS rated blitz match"]
[Site "204.178.125.65"]
[Date "1999.09.02"]
[Round "?"]
[White "blunite"]
[Black "Hossa"]
[Result "0-1"]
[WhiteElo "2263"]
[BlackElo "2529"]
[PlyCount "52"]
[EventDate "1999.??.??"]

1. e4 e6 2. d4 d5 3. Nc3 dxe4 4. Nxe4 Nd7 5. Nf3 Be7 6. Bd3 Ngf6 7. Bf4 Nxe4 8.
Bxe4 c5 9. Qe2 cxd4 10. Nxd4 e5 11. Nf5 exf4 12. Nxg7+ Kf8 13. Nf5 Nc5 14. Rd1
Qa5+ 15. c3 f3 16. Qxf3 Nxe4 17. Nxe7 Qe5 18. O-O Qxe7 19. Rfe1 f5 20. Qh5 Kg7
21. f3 Qg5 22. Qh3 Nd2 23. Qg3 Qxg3 24. hxg3 Rd8 25. Kh1 Rd6 26. Re2 26... Ne4
{blunite resigns} 0-1

[Event "ICS rated blitz match"]
[Site "204.178.125.65"]
[Date "1999.09.02"]
[Round "?"]
[White "blunite"]
[Black "Hossa"]
[Result "0-1"]
[WhiteElo "2252"]
[BlackElo "2540"]
[PlyCount "37"]
[EventDate "1999.??.??"]

1. d4 Nf6 2. Nf3 g6 3. Bf4 Bg7 4. Nc3 Nh5 5. Bg5 h6 6. Be3 d5 7. Qd2 Bf5 8. h3
Nf6 9. Ne5 Nbd7 10. g4 Ne4 11. Nxe4 Bxe4 12. f3 Nxe5 13. dxe5 d4 14. Bxd4 Bxc2
15. Rc1 Ba4 16. e4 O-O 17. Bc4 e6 18. O-O Bxe5 19. Rfd1 {blunite resigns} 0-1

[Event "ICS rated blitz match"]
[Site "204.178.125.65"]
[Date "1999.09.03"]
[Round "?"]
[White "blunite"]
[Black "Hossa"]
[Result "0-1"]
[WhiteElo "2251"]
[BlackElo "2583"]
[PlyCount "86"]
[EventDate "1999.??.??"]

1. e4 e5 2. Nf3 Nc6 3. Bb5 a6 4. Ba4 Nf6 5. O-O Be7 6. Re1 b5 7. Bb3 d6 8. c3
O-O 9. h3 Nd7 10. d4 Na5 11. Bc2 c5 12. b4 cxb4 13. cxb4 Nc6 14. a3 Bf6 15. Bb2
Nb6 16. d5 Nc4 17. Bc3 Ne7 18. Nbd2 Bd7 19. Nxc4 bxc4 20. Rc1 Rc8 21. Ba4 Ng6
22. Bxd7 Qxd7 23. Bd2 Be7 24. Nh2 f5 25. f3 Bh4 26. Re2 Qf7 27. Be1 Bd8 28.
exf5 Qxf5 29. Qc2 Nf4 30. Re4 Bb6+ 31. Kh1 Nd3 32. Ng4 Nxc1 33. Qxc1 c3 34. Qc2
Bd4 35. Bf2 Rf7 36. Ne3 Qg6 37. Nd1 Rff8 38. Re2 Qxc2 39. Rxc2 Rc4 40. Kg1 Kf7
41. Bxd4 exd4 42. Nf2 Kg8 43. Nd3 43... Rf5 {blunite resigns} 0-1

[Event "ICS rated blitz match"]
[Site "204.178.125.65"]
[Date "1999.09.02"]
[Round "?"]
[White "blunite"]
[Black "Hossa"]
[Result "0-1"]
[WhiteElo "2242"]
[BlackElo "2535"]
[PlyCount "27"]
[EventDate "1999.??.??"]

1. d4 Nf6 2. c3 d5 3. Nf3 Bf5 4. Qb3 b6 5. Nbd2 e6 6. Ne5 Bd6 7. f4 O-O 8. e3
Ne4 9. Ndf3 c5 10. Be2 f6 11. g4 fxe5 12. gxf5 exd4 13. fxe6 c4 14. Qc2 {
blunite resigns} 0-1

[Event "ICS rated blitz match"]
[Site "204.178.125.65"]
[Date "1999.08.31"]
[Round "?"]
[White "blunite"]
[Black "Hossa"]
[Result "0-1"]
[WhiteElo "2219"]
[BlackElo "2551"]
[PlyCount "54"]
[EventDate "1999.??.??"]

1. d4 Nf6 2. Nf3 g6 3. Nc3 d5 4. Bg5 Ne4 5. Bf4 Bg7 6. e3 Bg4 7. Be2 O-O 8.
Nxe4 dxe4 9. Nd2 Bxe2 10. Qxe2 c5 11. c3 cxd4 12. exd4 f5 13. O-O Nc6 14. f3 e5
15. dxe5 Bxe5 16. fxe4 Qb6+ 17. Kh1 Qxb2 18. Bxe5 Nxe5 19. exf5 Rxf5 20. Rxf5
Qxa1+ 21. Rf1 Qxc3 22. Ne4 Qc4 23. Nf6+ Kh8 24. Qf2 Rf8 25. Kg1 Nd7 26. Qb2
Qc5+ 27. Kh1 27... Qb6 {blunite resigns} 0-1

[Event "ICS rated blitz match"]
[Site "204.178.125.65"]
[Date "1999.10.12"]
[Round "?"]
[White "bobbo"]
[Black "Hossa"]
[Result "0-1"]
[WhiteElo "2125"]
[BlackElo "2421"]
[PlyCount "40"]
[EventDate "1999.??.??"]

1. d4 Nf6 2. c4 e6 3. Nf3 b6 4. e3 Bb7 5. Bd3 Bb4+ 6. Nbd2 Bxf3 7. Qxf3 Nc6 8.
O-O Bxd2 9. Bxd2 O-O 10. b4 a6 11. a4 a5 12. bxa5 Nxa5 13. e4 Nb3 14. Rad1 Nxd4
15. Qh3 d6 16. f4 d5 17. cxd5 exd5 18. e5 Ne4 19. Bc3 Rxa4 20. Bb1 20... Ne2+ {
bobbo resigns} 0-1

[Event "ICS rated blitz match"]
[Site "204.178.125.65"]
[Date "1999.09.02"]
[Round "?"]
[White "bookbuilder"]
[Black "Hossa"]
[Result "1-0"]
[WhiteElo "2657"]
[BlackElo "2484"]
[PlyCount "64"]
[EventDate "1999.??.??"]

1. e4 c5 2. Nf3 d6 3. d4 cxd4 4. Qxd4 Bg4 5. Bb5+ Nd7 6. Nc3 Bxf3 7. gxf3 a6 8.
Bxd7+ Qxd7 9. Nd5 Qc6 10. Be3 e6 11. Nb6 Rd8 12. O-O-O Ne7 13. Kb1 Qc7 14. Qa4+
Nc6 15. Rhg1 d5 16. exd5 exd5 17. Nxd5 Qd7 18. Bg5 Bd6 19. Bxd8 Qxd8 20. Rxg7
Kf8 21. Rg2 Rg8 22. Rxg8+ Kxg8 23. Qg4+ Kh8 24. Ne3 Qf8 25. Qd7 Bxh2 26. Qxb7
Qe8 27. Qxa6 Be5 28. Nf5 Qb8 29. b3 Nd8 30. Re1 Ne6 31. Rxe5 Qd8 32. Rxe6 32...
fxe6 {Hossa resigns} 1-0

[Event "ICS rated blitz match"]
[Site "204.178.125.65"]
[Date "1999.09.06"]
[Round "?"]
[White "bookbuilder"]
[Black "Hossa"]
[Result "1-0"]
[WhiteElo "2671"]
[BlackElo "2465"]
[PlyCount "121"]
[EventDate "1999.??.??"]

1. e4 e5 2. Nf3 Nc6 3. Bc4 Bc5 4. Nc3 d6 5. Na4 Bb6 6. Nxb6 axb6 7. d4 Bg4 8.
h3 Bxf3 9. Qxf3 Nf6 10. d5 Nd4 11. Qd3 c6 12. dxc6 bxc6 13. c3 Ne6 14. Be3 O-O
15. O-O d5 16. exd5 cxd5 17. Bb5 Ra5 18. a4 d4 19. cxd4 exd4 20. Bd2 Ra8 21. b4
Nc7 22. Bc6 Rc8 23. a5 Ne6 24. Bb7 Rc7 25. a6 Re7 26. Rac1 Rfe8 27. Rc8 Qd7 28.
Rfc1 Rxc8 29. Rxc8+ Re8 30. Rxe8+ Nxe8 31. Qa3 N6c7 32. a7 Qd8 33. a8=Q Nxa8
34. Qxa8 Qxa8 35. Bxa8 Nc7 36. Bc6 Ne6 37. Kf1 Kf8 38. Ke2 Ke7 39. f4 h6 40.
Kd3 g5 41. Bd5 Nc7 42. Kxd4 f6 43. fxg5 fxg5 44. Ke5 Kd7 45. Bf3 Nb5 46. Kf5
Na3 47. Kg6 Nc4 48. Bc1 b5 49. Kxh6 Ne5 50. Kxg5 Ke6 51. h4 Nd3 52. h5 Ke7 53.
h6 Ne5 54. Bh5 Kf8 55. Bb2 Nd7 56. h7 Ke7 57. h8=Q Kd6 58. Qd4+ Kc7 59. Qa7+
Kc8 60. Bg4 Kd8 61. Qxd7# {Hossa checkmated} 1-0

[Event "ICS rated blitz match"]
[Site "204.178.125.65"]
[Date "1999.09.01"]
[Round "?"]
[White "bookbuilder"]
[Black "Hossa"]
[Result "1-0"]
[WhiteElo "2582"]
[BlackElo "2495"]
[PlyCount "163"]
[EventDate "1999.??.??"]

1. e4 e5 2. Nf3 Nc6 3. Bb5 Bc5 4. O-O Nge7 5. Nxe5 Nxe5 6. d4 a6 7. Be2 Bxd4 8.
Qxd4 N7c6 9. Qe3 O-O 10. f4 Ng6 11. Bd2 Re8 12. f5 Nge7 13. Qf2 f6 14. Nc3 Ne5
15. Bf4 N7c6 16. Bh5 Rf8 17. Rad1 d6 18. Nd5 Bd7 19. Qg3 Kh8 20. Qc3 Be8 21.
Be2 Bf7 22. a3 Re8 23. Rfe1 Qd7 24. Qd2 b6 25. b3 a5 26. Bb5 Rec8 27. Bxe5 fxe5
28. Re3 Rab8 29. Rc3 Rf8 30. Rxc6 Bxd5 31. Qxd5 Qe7 32. Qe6 Qd8 33. c3 Rf6 34.
Qc4 Rb7 35. Qd5 Rb8 36. Rd2 Rf8 37. Rf2 Rf6 38. Qc4 Rb7 39. Rf3 Ra7 40. Rf1 Qe7
41. Rf2 Qd8 42. a4 Qe7 43. Rf3 Rf8 44. Rg3 Qd8 45. Qd5 Qh4 46. Be2 Qd8 47. Bf1
Qh4 48. Qe6 Qd8 49. Bc4 Rf6 50. Qd5 Qe8 51. Be2 Rf8 52. Bd3 Qd8 53. Rg4 Qe8 54.
Be2 Qe7 55. Bc4 Qe8 56. Qe6 Qd8 57. Be2 Rf6 58. Qd5 Rf8 59. Qd2 Qd7 60. Bb5 Qf7
61. Bc4 Qe7 62. Qg5 Rf6 63. Bd5 Qf8 64. Rh4 Qc8 65. Rh5 Qd7 66. Qh4 h6 67. g4
Qe7 68. g5 Rf7 69. Bxf7 Qxf7 70. gxh6 g5 71. Qxg5 Qg8 72. f6 Qxg5+ 73. Rxg5 Kh7
74. f7 Ra8 75. Rxc7 Rf8 76. Rg7+ Kxh6 77. Rg8 d5 78. Rxf8 Kg5 79. Rg8+ Kf4 80.
Rg3 Kxe4 81. f8=Q d4 82. Qf3# {Hossa checkmated} 1-0

[Event "ICS rated blitz match"]
[Site "204.178.125.65"]
[Date "1999.09.01"]
[Round "?"]
[White "bookbuilder"]
[Black "Hossa"]
[Result "1-0"]
[WhiteElo "2594"]
[BlackElo "2490"]
[PlyCount "86"]
[EventDate "1999.??.??"]

1. e4 c5 2. Nf3 d6 3. d4 Nf6 4. Bb5+ Bd7 5. Bxd7+ Nbxd7 6. Nc3 e6 7. O-O Be7 8.
e5 dxe5 9. dxe5 Ng4 10. Qe2 Qc7 11. Re1 O-O-O 12. h3 Nh6 13. Bxh6 gxh6 14. a4
Qb6 15. a5 Qa6 16. Qxa6 bxa6 17. Ne4 Nb8 18. c3 Nc6 19. Ra4 Rd3 20. Ned2 Rhd8
21. Nc4 h5 22. Ne3 R8d7 23. Rf4 Rb7 24. Rxf7 Rxb2 25. Rxh7 Bd8 26. Nc4 Rb3 27.
Nd6+ Kb8 28. Rh8 Kc7 29. Ne4 Be7 30. Nfg5 Nxa5 31. Nxe6+ Kb6 32. Rh7 Rd5 33.
Nf6 Bxf6 34. exf6 Rf5 35. f7 Rxc3 36. f8=Q Rxf8 37. Nxf8 Nb3 38. Rxh5 Rd3 39.
Rh7 a5 40. Nd7+ Kb5 41. Ne5 Rd2 42. Rb7+ Ka4 43. Rb1 43... c4 {Hossa resigns}
1-0

[Event "ICS rated blitz match"]
[Site "204.178.125.65"]
[Date "1999.08.29"]
[Round "?"]
[White "bookbuilder"]
[Black "Hossa"]
[Result "1-0"]
[WhiteElo "2557"]
[BlackElo "2474"]
[PlyCount "77"]
[EventDate "1999.??.??"]

1. e4 c6 2. Nf3 d5 3. Nc3 e6 4. d3 Bb4 5. exd5 cxd5 6. Bd2 Ne7 7. Qe2 O-O 8.
O-O-O Nbc6 9. Kb1 Bd7 10. Nb5 Nf5 11. g4 Qa5 12. gxf5 Qxb5 13. f6 Ba3 14. Bc1
gxf6 15. c4 Qb6 16. Bh6 Kh8 17. Bxf8 Rxf8 18. Rg1 Re8 19. Bh3 Re7 20. Rg2 Re8
21. Rdg1 dxc4 22. dxc4 Nd8 23. Rg7 Qxb2+ 24. Qxb2 Bxb2 25. Kxb2 Bc6 26. Nd2 h5
27. Kc3 b6 28. f4 Bb7 29. Bf1 e5 30. fxe5 Rxe5 31. Rg8+ Kh7 32. Bd3+ f5 33.
Rxd8 h4 34. Kd4 Ra5 35. Nb3 Rc5 36. Nxc5 Be4 37. Nxe4 fxe4 38. Bxe4+ Kh6 39.
Rh8# {Hossa checkmated} 1-0

[Event "ICS rated blitz match"]
[Site "204.178.125.65"]
[Date "1999.09.08"]
[Round "?"]
[White "bookbuilder"]
[Black "Hossa"]
[Result "1-0"]
[WhiteElo "2608"]
[BlackElo "2511"]
[PlyCount "83"]
[EventDate "1999.??.??"]

1. e4 c5 2. Nf3 d6 3. d4 cxd4 4. Qxd4 Nc6 5. Bb5 a6 6. Bxc6+ bxc6 7. Nc3 e5 8.
Qd3 Be7 9. O-O Nf6 10. Bg5 O-O 11. Rad1 Rb8 12. b3 Qa5 13. Bxf6 gxf6 14. Nh4
Qc5 15. Nf5 Bxf5 16. Na4 Qa7 17. exf5 d5 18. Qe2 Rb4 19. Rd3 Rf4 20. Rc3 Qb7
21. Rf3 Rxf3 22. Qxf3 Qd7 23. c3 Rb8 24. Rd1 Ba3 25. b4 Qe8 26. Qh5 Qe7 27. Rd3
Bc1 28. Nc5 Rb6 29. Rg3+ Kh8 30. Qg4 Bg5 31. h4 d4 32. hxg5 fxg5 33. f6 Qxf6
34. Qc8+ Kg7 35. Nd7 Qf5 36. Qf8+ Kg6 37. Qg8+ Kh6 38. Nxe5 Rb7 39. Rh3+ Qxh3
40. g4 Qf1+ 41. Kxf1 Re7 42. Qf8# {Hossa checkmated} 1-0

[Event "ICS rated blitz match"]
[Site "204.178.125.65"]
[Date "1999.08.30"]
[Round "?"]
[White "bookbuilder"]
[Black "Hossa"]
[Result "1/2-1/2"]
[WhiteElo "2599"]
[BlackElo "2530"]
[PlyCount "110"]
[EventDate "1999.??.??"]

1. e4 e5 2. Nf3 Nc6 3. Bb5 a6 4. Ba4 Nf6 5. O-O Be7 6. d3 b5 7. Bb3 O-O 8. a4
Bb7 9. c3 d5 10. Qe2 Na5 11. Bc2 Nc6 12. axb5 axb5 13. Rxa8 Bxa8 14. Na3 Bxa3
15. bxa3 Qd6 16. exd5 Nxd5 17. c4 Nc3 18. Qd2 Nd4 19. Nxd4 exd4 20. cxb5 Nxb5
21. a4 Nc3 22. Bb2 Qc6 23. f3 Re8 24. Re1 Rb8 25. Bxc3 dxc3 26. Qf4 h6 27. d4
Qd6 28. Qe3 Qc6 29. a5 h5 30. Ra1 Re8 31. Qd3 Qh6 32. Qxc3 Re2 33. Rb1 Re8 34.
Re1 Rxe1+ 35. Qxe1 Bc6 36. a6 Bd7 37. a7 Qa6 38. Qh4 f6 39. Qxh5 Qa1+ 40. Kf2
Qxd4+ 41. Ke2 Qc4+ 42. Bd3 Qa2+ 43. Ke1 Qa1+ 44. Kd2 Qb2+ 45. Ke3 Qb6+ 46. Ke2
Qb2+ 47. Kd1 Qa1+ 48. Kc2 Qa2+ 49. Kc3 Qa1+ 50. Kb3 Qa4+ 51. Kc3 Qa1+ 52. Kd2
Qb2+ 53. Ke3 Qb6+ 54. Ke4 Qb4+ 55. Ke3 55... Qb6+ {Game drawn by repetition}
1/2-1/2

[Event "ICS rated blitz match"]
[Site "204.178.125.65"]
[Date "1999.09.06"]
[Round "?"]
[White "brodiem"]
[Black "Hossa"]
[Result "0-1"]
[WhiteElo "2064"]
[BlackElo "2500"]
[PlyCount "44"]
[EventDate "1999.??.??"]

1. e4 c5 2. g3 e6 3. Bg2 d5 4. exd5 exd5 5. d4 cxd4 6. Qxd4 Nf6 7. Ne2 Nc6 8.
Qa4 Bc5 9. O-O O-O 10. c3 Re8 11. Nf4 Bb6 12. Nd2 Bc7 13. Nb3 Bxf4 14. Bxf4 Re2
15. Rab1 Bf5 16. Nc1 Re6 17. Ra1 Qe7 18. Bg5 Be4 19. Nb3 Bxg2 20. Kxg2 Re2 21.
Rab1 Qe4+ 22. Kg1 22... Qxa4 {brodiem resigns} 0-1

[Event "ICS rated blitz match"]
[Site "204.178.125.65"]
[Date "1999.09.25"]
[Round "?"]
[White "brutus"]
[Black "Hossa"]
[Result "0-1"]
[WhiteElo "2188"]
[BlackElo "2456"]
[PlyCount "42"]
[EventDate "1999.??.??"]

1. e4 Nc6 2. d4 d5 3. exd5 Qxd5 4. Nf3 Bg4 5. Be2 O-O-O 6. Be3 e5 7. dxe5 Qxd1+
8. Bxd1 Nxe5 9. Nc3 Bxf3 10. Bxf3 Nxf3+ 11. gxf3 Bb4 12. Ke2 Bxc3 13. bxc3 Ne7
14. a4 Rhe8 15. Kf1 a5 16. Rg1 Nf5 17. Bf4 f6 18. Rg4 g5 19. Bc1 Rd1+ 20. Kg2
Ree1 21. Re4 21... Rg1+ {brutus resigns} 0-1

[Event "ICS rated blitz match"]
[Site "204.178.125.65"]
[Date "1999.09.25"]
[Round "?"]
[White "brutus"]
[Black "Hossa"]
[Result "0-1"]
[WhiteElo "2185"]
[BlackElo "2489"]
[PlyCount "54"]
[EventDate "1999.??.??"]

1. e4 Nf6 2. Nc3 e5 3. Nf3 Bb4 4. Bc4 d6 5. d3 O-O 6. Bg5 Be6 7. Bb3 Nbd7 8.
O-O c6 9. Ne2 Bxb3 10. axb3 d5 11. Ng3 Qe8 12. Nh4 h6 13. Be3 Bc5 14. Qf3 Qe6
15. Ngf5 Bxe3 16. fxe3 dxe4 17. dxe4 Rfd8 18. g4 Nh7 19. Rf2 Ng5 20. Qe2 Nh3+
21. Kh1 Nxf2+ 22. Qxf2 Nc5 23. Qg2 Qf6 24. Rg1 Rd7 25. Qf3 Rad8 26. g5 hxg5 27.
Qh5 27... Nxe4 {brutus resigns} 0-1

[Event "ICS rated blitz match"]
[Site "204.178.125.65"]
[Date "1999.09.04"]
[Round "?"]
[White "brutus"]
[Black "Hossa"]
[Result "1-0"]
[WhiteElo "2064"]
[BlackElo "2457"]
[PlyCount "67"]
[EventDate "1999.??.??"]

1. e4 g6 2. d4 Bg7 3. Nc3 e5 4. dxe5 Bxe5 5. f4 Bxc3+ 6. bxc3 Ne7 7. Nf3 O-O 8.
Bc4 d6 9. O-O Be6 10. Bb3 Bg4 11. h3 Bxf3 12. Qxf3 Nbc6 13. Be3 Re8 14. Bf2 a5
15. Bh4 a4 16. Bd5 Na5 17. a3 c6 18. Ba2 Qb6+ 19. Kh1 d5 20. f5 gxf5 21. Qg3+
Ng6 22. exf5 Re3 23. Qg5 Re5 24. Qh6 Rxf5 25. Rxf5 Nxh4 26. Qxh4 Qe3 27. Raf1
Qxc3 28. Rxf7 Qg7 29. Rxg7+ Kxg7 30. Qf6+ Kg8 31. Qe6+ Kh8 32. Rf7 c5 33. Qf6+
Kg8 34. Qg7# {Hossa checkmated} 1-0

[Event "ICS rated blitz match"]
[Site "204.178.125.65"]
[Date "1999.09.07"]
[Round "?"]
[White "brutus"]
[Black "Hossa"]
[Result "0-1"]
[WhiteElo "2062"]
[BlackElo "2498"]
[PlyCount "32"]
[EventDate "1999.??.??"]

1. e4 Nc6 2. d4 d5 3. exd5 Qxd5 4. Nc3 Qxd4 5. Be3 Qxd1+ 6. Rxd1 e5 7. Nb5 Bb4+
8. c3 Ba5 9. b4 a6 10. Na3 Nxb4 11. Nc4 Nc2+ 12. Kd2 Nxe3 13. fxe3 Bb6 14. Nxe5
Be6 15. Bc4 Rd8+ 16. Ke2 16... Rxd1 {brutus resigns} 0-1

[Event "ICS rated blitz match"]
[Site "204.178.125.65"]
[Date "1999.09.28"]
[Round "?"]
[White "brutus"]
[Black "Hossa"]
[Result "0-1"]
[WhiteElo "2202"]
[BlackElo "2475"]
[PlyCount "29"]
[EventDate "1999.??.??"]

1. e4 d5 2. e5 c5 3. c3 Nc6 4. d4 Bf5 5. Bd3 Bxd3 6. Qxd3 e6 7. Nf3 Qc7 8. O-O
Nge7 9. Na3 a6 10. Be3 Nf5 11. g4 Nfe7 12. dxc5 Ng6 13. b4 Ngxe5 14. Nxe5 Nxe5
15. Qd4 {brutus resigns} 0-1

[Event "ICS rated blitz match"]
[Site "204.178.125.65"]
[Date "1999.09.25"]
[Round "?"]
[White "brutus"]
[Black "Hossa"]
[Result "0-1"]
[WhiteElo "2175"]
[BlackElo "2499"]
[PlyCount "42"]
[EventDate "1999.??.??"]

1. e4 Nf6 2. Nc3 e5 3. Nf3 Bb4 4. Bc4 d6 5. d3 O-O 6. Bg5 Be6 7. Bb3 Nbd7 8.
O-O c6 9. d4 exd4 10. Nxd4 Qe8 11. Qf3 Bxb3 12. axb3 Bxc3 13. bxc3 Nxe4 14. Bf4
d5 15. Rfe1 Qd8 16. Qh3 Re8 17. f3 Nxc3 18. Nf5 Ne2+ 19. Rxe2 Rxe2 20. Qg4 Qf6
21. Bg5 21... Qxa1+ {brutus resigns} 0-1

[Event "ICS rated blitz match"]
[Site "204.178.125.65"]
[Date "1999.09.03"]
[Round "?"]
[White "brutus"]
[Black "Hossa"]
[Result "0-1"]
[WhiteElo "2088"]
[BlackElo "2564"]
[PlyCount "25"]
[EventDate "1999.??.??"]

1. e4 c5 2. Nf3 Nc6 3. d4 cxd4 4. Nxd4 g6 5. Nc3 Bg7 6. Be3 Nh6 7. Bc4 O-O 8.
f3 Qb6 9. Nf5 Qxb2 10. Nxh6+ Bxh6 11. Bxh6 Qxc3+ 12. Kf2 Qxc4 13. h4 {
brutus resigns} 0-1

[Event "ICS rated blitz match"]
[Site "204.178.125.65"]
[Date "1999.09.04"]
[Round "?"]
[White "brutus"]
[Black "Hossa"]
[Result "0-1"]
[WhiteElo "2071"]
[BlackElo "2501"]
[PlyCount "70"]
[EventDate "1999.??.??"]

1. e4 g6 2. d4 Bg7 3. Nf3 Nf6 4. e5 Ne4 5. Bd3 d5 6. O-O Bg4 7. h3 Bf5 8. Nbd2
O-O 9. Re1 Nxd2 10. Qxd2 Bxd3 11. Qxd3 Nd7 12. Bg5 c5 13. c3 f6 14. Bf4 cxd4
15. cxd4 fxe5 16. Bxe5 Nxe5 17. Nxe5 Rf5 18. Rac1 Bxe5 19. Rxe5 Rxe5 20. dxe5
e6 21. Qc3 Qb6 22. b3 Rf8 23. Rc2 Rf7 24. h4 Kg7 25. h5 gxh5 26. Qg3+ Kh6 27.
Kh2 Qd4 28. Rc3 Qxf2 29. Rc8 Qxg3+ 30. Kxg3 Kg5 31. Re8 Kf5 32. Rg8 Kxe5 33.
Rg5+ Kd6 34. Rxh5 e5 35. Rh6+ 35... Kc5 {brutus resigns} 0-1